000 00747cam a2200253 4500500
005 20260329003945.0
041 _afre
042 _adc
100 1 0 _aLacroix, Alexandre
_eauthor
245 0 0 _aQue répondre à une théorie du complot ?
260 _c2017.
500 _a26
690 _aBilderberg
690 _aComplotisme
690 _aDominique Cardon
690 _aIlluminati
690 _aLaurence De Cock
690 _aPhilippe Huneman
690 _arelativisme
690 _aThéorie du complot
690 _aVérité
786 0 _nPhilosophie magazine | 113 | 10 | 2017-10-01 | p. 31-33 | 1951-1787
856 4 1 _uhttps://shs.cairn.info/magazine-philosophie-magazine-2017-10-page-31?lang=fr&redirect-ssocas=7080
999 _c1829273
_d1829273